00305 a2200133 450000100060000002000180000604000240002410000230004824000280007124500230009930000090012236200090013165000310014014057 a9788508171606 cAnchieta - Aquarius aMachado, Ana Maria10aDe noite no bosquelpor10aDe noite no bosque a29p.0 a2017 4aLiteratura infanto-juvenil